[Event "XXI C.to Italiano UISP A"]
[Site "Palermo ITA"]
[Date "2000.12.??"]
[Round "1"]
[White "Adinolfi, Vincenzo"]
[Black "Chilingirova, Pavlina"]
[Result "1-0"]
[WhiteElo "2132"]
[BlackElo "2269"]
[PlyCount "133"]
[EventDate "2000.12.06"]

1.d4 d6 2.e4 Nf6 3.Nc3 g6 4.Be2 Bg7 5.Be3 a6 6.h4 h5 7.Nh3 Ng4 8.Bg5 Nc6 
9.f3 Nf6 10.Qd2 Nh7 11.Be3 e5 12.d5 Nd4 13.Ng5 Bf6 14.O-O-O c5 15.dxc6 
bxc6 16.Bc4 Nxg5 17.hxg5 Bg7 18.Ne2 d5 19.Nxd4 dxc4 20.Nxc6 Qxd2+ 21.Rxd2 
Bd7 22.Nb4 c3 23.bxc3 Be6 24.Nd5 Rc8 25.Rd3 Rc4 26.Kd2 O-O 27.Rb1 Ra4 28.
Bc5 Re8 29.a3 Bxd5 30.exd5 Rd8 31.Be7 Rd7 32.Rb8+ Kh7 33.d6 e4 34.fxe4 
Rxe4 35.Rd8 Rb7 36.Bf6 Bxf6 37.gxf6 Rg4 38.d7 Rxg2+ 39.Ke3 Rg3+ 40.Kf4 
Rg4+ 41.Kf3 Rb5 42.Re8 Rf5+ 43.Ke2 Rg2+ 44.Kd1 Rb5 45.Re2 Rg1+ 46.Kd2 Rb8 
47.d8=Q Rxd8 48.Rxd8 g5 49.c4 Rg4 50.Kd3 Kg6 51.c5 Rg3+ 52.Re3 Rg1 53.Kc4 
Rf1 54.Rd6 Rf4+ 55.Kd5 Rf5+ 56.Re5 Rf2 57.c4 Rd2+ 58.Ke4 Re2+ 59.Kd4 Rb2 
60.c6 Rb8 61.Rdd5 Kxf6 62.Rxg5 h4 63.Rh5 Rc8 64.Kc5 Kg6 65.Rxh4 f5 66.Rf4 
Rf8 67.Rfxf5 1-0

[Event "XXI C.to Italiano UISP A"]
[Site "Palermo ITA"]
[Date "2000.12.??"]
[Round "1"]
[White "Bottini, Paolo"]
[Black "Salami, Marco"]
[Result "0-1"]
[WhiteElo "1911"]
[BlackElo "2207"]
[PlyCount "60"]
[EventDate "2000.12.06"]

1.e4 e6 2.d4 d5 3.Nd2 Nf6 4.e5 Nfd7 5.Bd3 c5 6.c3 Nc6 7.Ne2 cxd4 8.cxd4 f6
9.exf6 Nxf6 10.O-O Bd6 11.Nf3 Qc7 12.Re1 O-O 13.Bg5 Ng4 14.h3 Nf6 15.Rc1 
Bd7 16.Bb1 Qb6 17.b3 Ba3 18.Qc2 Ne4 19.Nc3 Nb4 20.Qe2 Bxc1 21.Rxc1 Nxc3 
22.Rxc3 Rac8 23.Ne5 Rxc3 24.Qh5 Rc2 25.Nxd7 Qxd4 26.Be3 Qa1 27.Qd1 Rfc8 
28.Nc5 b6 29.Nxe6 Rc1 30.Bxc1 Qxb1 0-1

[Event "XXI C.to Italiano UISP A"]
[Site "Palermo ITA"]
[Date "2000.12.??"]
[Round "1"]
[White "Fabiano, Giuseppe"]
[Black "Gardon, Ermanno"]
[Result "1-0"]
[WhiteElo "2300"]
[BlackElo "2101"]
[PlyCount "81"]
[EventDate "2000.12.06"]

1.d4 Nf6 2.Nf3 c5 3.c4 cxd4 4.Nxd4 e5 5.Nc2 d5 6.cxd5 Qxd5 7.Qxd5 Nxd5 8.
e4 Nf6 9.Nc3 Nc6 10.Bb5 Bd7 11.O-O Be7 12.Rd1 Rd8 13.Be3 O-O 14.f3 a6 15.
Ba4 Nb4 16.Nxb4 Bxa4 17.Rxd8 Rxd8 18.Nxa6 Bc6 19.Nc7 Bb4 20.N7b5 Ne8 21.a3
Bxc3 22.Nxc3 Rd3 23.Kf2 Nc7 24.Ke2 Rd7 25.a4 Na6 26.Rb1 Nb4 27.g3 Nc2 28.
b4 Nd4+ 29.Bxd4 Rxd4 30.b5 Be8 31.a5 Rc4 32.Rb3 Kf8 33.b6 Rc8 34.Kd3 Ra8 
35.Ra3 Bc6 36.Nd5 Bxd5 37.exd5 Ke7 38.Kc4 Kd6 39.Kb5 Ra6 40.Rc3 f5 41.Rc7 
1-0

[Event "XXI C.to Italiano UISP A"]
[Site "Palermo ITA"]
[Date "2000.12.??"]
[Round "1"]
[White "Ferro, Mario"]
[Black "Ottavi, Marco"]
[Result "0-1"]
[WhiteElo "2205"]
[BlackElo "2050"]
[PlyCount "46"]
[EventDate "2000.12.06"]

1.e4 e6 2.d4 d5 3.Nd2 Nf6 4.e5 Nfd7 5.f4 c5 6.c3 Nc6 7.Ndf3 Qb6 8.Ne2 cxd4
9.cxd4 Bb4+ 10.Bd2 f6 11.g3 fxe5 12.fxe5 O-O 13.Bg2 Ndxe5 14.dxe5 Nxe5 15.
Ned4 Nxf3+ 16.Nxf3 Qe3+ 17.Qe2 Bxd2+ 18.Nxd2 Qc5 19.Nb3 Qb6 20.Rc1 Bd7 21.
Nc5 Rac8 22.Nxd7 Rxc1+ 23.Kd2 Qxb2+ 0-1

[Event "XXI C.to Italiano UISP A"]
[Site "Palermo ITA"]
[Date "2000.12.??"]
[Round "1"]
[White "Galioto, Giovanni"]
[Black "Tomescu, Vlad"]
[Result "0-1"]
[WhiteElo "2159"]
[BlackElo "2432"]
[PlyCount "52"]
[EventDate "2000.12.06"]

1.e4 Nc6 2.Nc3 e5 3.f4 Bc5 4.fxe5 Bxg1 5.Rxg1 Nxe5 6.d4 Ng6 7.Qf3 d6 8.Bc4
Be6 9.Bxe6 fxe6 10.Rf1 Nf6 11.Bg5 O-O 12.O-O-O h6 13.Bd2 Kh7 14.Qh3 e5 15.
dxe5 Nxe5 16.Qf5+ Kh8 17.Qh3 Nfg4 18.Nd5 Qd7 19.Qg3 Qa4 20.Nc3 Qc4 21.
Rxf8+ Rxf8 22.h3 Nf2 23.Re1 b5 24.b3 Qc5 25.Kb2 b4 26.Nd5 Qd4+ 0-1

[Event "XXI C.to Italiano UISP A"]
[Site "Palermo ITA"]
[Date "2000.12.??"]
[Round "1"]
[White "Galioto, Natale"]
[Black "Lucaroni, Massimiliano"]
[Result "0-1"]
[WhiteElo "2108"]
[BlackElo "2288"]
[PlyCount "106"]
[EventDate "2000.12.06"]

1.e4 e5 2.Nc3 Nf6 3.f4 d5 4.fxe5 Nxe4 5.Nf3 Be7 6.d4 O-O 7.Bd3 f5 8.exf6 
Bxf6 9.O-O Nc6 10.Bxe4 dxe4 11.Nxe4 Bxd4+ 12.Nxd4 Qxd4+ 13.Qxd4 Rxf1+ 14.
Kxf1 Nxd4 15.Bf4 Be6 16.c3 Rf8 17.g3 Bc4+ 18.Kf2 Ne6 19.Ke3 Nxf4 20.gxf4 
Rd8 21.b3 Bf7 22.Rf1 Re8 23.Kd4 b6 24.f5 c5+ 25.Kd3 Bd5 26.Rf4 Re7 27.c4 
Bc6 28.Ng5 h6 29.Ne6 Bd7 30.Nd8 Re8 31.Ne6 Bxe6 32.fxe6 Rxe6 33.a3 a5 34.
Rf3 g5 35.Kc3 Kg7 36.b4 axb4+ 37.axb4 cxb4+ 38.Kxb4 Kg6 39.c5 bxc5+ 40.
Kxc5 g4 41.Rf2 Kg5 42.Kd4 Kh4 43.Kd3 Kh3 44.Kd2 h5 45.Kd1 h4 46.Kd2 g3 47.
hxg3 hxg3 48.Rf8 Kh2 49.Rh8+ Kg1 50.Rh5 g2 51.Kd1 Kf2 52.Rf5+ Kg3 53.Rg5+ 
Kf3 0-1

[Event "XXI C.to Italiano UISP A"]
[Site "Palermo ITA"]
[Date "2000.12.??"]
[Round "1"]
[White "Genovese, Maurizio"]
[Black "Scacco, Mauro"]
[Result "0-1"]
[WhiteElo "2285"]
[BlackElo "2043"]
[PlyCount "59"]
[EventDate "2000.12.06"]

1.c4 c5 2.Nf3 Nc6 3.Nc3 g6 4.e3 Bg7 5.d4 d6 6.Be2 Bg4 7.d5 Bxf3 8.gxf3 Nb8
9.O-O Qd7 10.f4 h5 11.e4 Nh6 12.Bf3 Na6 13.Bg2 Nc7 14.Re1 O-O 15.e5 dxe5 
16.fxe5 Ng4 17.Bf3 f5 18.Bf4 b5 19.Qd2 g5 20.e6 Qc8 21.Bxg4 fxg4 22.Bxg5 
Bd4 23.Be3 Bxe3 24.Qxe3 Qe8 25.Qxc5 Rc8 26.Qd4 bxc4 27.Re5 Qg6 28.Rae1 Rf5
29.Rxf5 Qxf5 30.Re5 0-1

[Event "XXI C.to Italiano UISP A"]
[Site "Palermo ITA"]
[Date "2000.12.??"]
[Round "1"]
[White "Insabato, Giovanbattista"]
[Black "Efimov, Igor"]
[Result "0-1"]
[WhiteElo "1996"]
[BlackElo "2520"]
[PlyCount "58"]
[EventDate "2000.12.06"]

1.Nf3 Nf6 2.g3 b5 3.Bg2 Bb7 4.O-O e6 5.d3 d5 6.Nbd2 Be7 7.Re1 c5 8.c3 Nc6 
9.e4 a5 10.a4 b4 11.Qc2 O-O 12.Nf1 Ba6 13.e5 Nd7 14.h4 bxc3 15.bxc3 d4 16.
c4 Rb8 17.Bf4 Rb6 18.Qe2 Bb7 19.N1h2 Nb4 20.Ng4 Qa8 21.Kh2 Rb8 22.Rg1 Kf8 
23.h5 h6 24.Ne1 Ke8 25.Nxh6 gxh6 26.Bxh6 Bxg2 27.Nxg2 Nc6 28.Bf4 Rb2 29.
Qe4 Ncxe5 0-1

[Event "XXI C.to Italiano UISP A"]
[Site "Palermo ITA"]
[Date "2000.12.??"]
[Round "1"]
[White "Lazic, Miroljub"]
[Black "Bellipanni, Piero"]
[Result "1-0"]
[WhiteElo "2488"]
[BlackElo "2166"]
[PlyCount "51"]
[EventDate "2000.12.06"]

1.g3 c5 2.Bg2 d5 3.Nf3 f6 4.d4 cxd4 5.Nxd4 e5 6.Nb3 Ne7 7.O-O Nbc6 8.e3 a5
9.Nc3 e4 10.a4 g6 11.Nb5 Bg7 12.c4 O-O 13.cxd5 Nxd5 14.Bxe4 Ncb4 15.Bg2 
Be6 16.Nc5 Bf7 17.Nxb7 Qe7 18.N7d6 Rfd8 19.Nxf7 Qxf7 20.Qb3 Rac8 21.Bd2 f5
22.Rac1 Rxc1 23.Rxc1 Be5 24.Rc5 Bb8 25.Bxd5 Rxd5 26.Rxd5 1-0

[Event "XXI C.to Italiano UISP A"]
[Site "Palermo ITA"]
[Date "2000.12.??"]
[Round "1"]
[White "Livecchi, Dario"]
[Black "Terreni, Fabio"]
[Result "1-0"]
[WhiteElo "2200"]
[BlackElo "1903"]
[PlyCount "79"]
[EventDate "2000.12.06"]

1.d4 Nf6 2.c4 g6 3.Nc3 d5 4.cxd5 Nxd5 5.e4 Nxc3 6.bxc3 Bg7 7.Nf3 c5 8.Rb1 
O-O 9.Be2 cxd4 10.cxd4 Qa5+ 11.Bd2 Qxa2 12.O-O Bg4 13.Bb4 Nc6 14.Bc5 b6 
15.Ra1 Qe6 16.d5 Qxe4 17.Ra4 Qf5 18.dxc6 Bxf3 19.Bxf3 Qxc5 20.Qb1 b5 21.
Rc1 Qb6 22.Rb4 a6 23.c7 Rac8 24.Rbc4 Be5 25.Rc6 Qa7 26.Qc2 Rfe8 27.g3 e6 
28.Qd2 Bd4 29.Kg2 Re7 30.Rd6 Rexc7 31.Rxc7 Rxc7 32.Rxd4 a5 33.Rd8+ Kg7 34.
Qb2+ f6 35.Qxb5 Re7 36.Ra8 Qc7 37.Qxa5 Qd6 38.Qd8 Qxd8 39.Rxd8 e5 40.Bd5 
1-0

[Event "XXI C.to Italiano UISP A"]
[Site "Palermo ITA"]
[Date "2000.12.??"]
[Round "1"]
[White "Luciani, Valerio"]
[Black "Vezzosi, Paolo"]
[Result "1-0"]
[WhiteElo "2131"]
[BlackElo "2412"]
[PlyCount "49"]
[EventDate "2000.12.06"]

1.e4 e6 2.d4 d5 3.Nc3 Bb4 4.e5 Qd7 5.Bd2 Ne7 6.a3 Bxc3 7.Bxc3 b6 8.f4 O-O 
9.Nf3 Ba6 10.Bxa6 Nxa6 11.Qd3 Nb8 12.O-O Nbc6 13.Rae1 Ng6 14.Ng5 Nce7 15.
g4 f6 16.exf6 Rxf6 17.Qe3 Re8 18.Nxe6 Nc6 19.f5 Nf8 20.Nc5 bxc5 21.Qxe8 
cxd4 22.Bb4 Nxb4 23.axb4 Qd6 24.g5 Rf7 25.Qe5 1-0

[Event "XXI C.to Italiano UISP A"]
[Site "Palermo ITA"]
[Date "2000.12.??"]
[Round "1"]
[White "Piscopo, Pierluigi"]
[Black "Aleksic, Nenad"]
[Result "1/2-1/2"]
[WhiteElo "2134"]
[BlackElo "2407"]
[PlyCount "26"]
[EventDate "2000.12.06"]

1.e4 c5 2.Nf3 d6 3.d4 cxd4 4.Nxd4 Nf6 5.Nc3 a6 6.Bc4 e6 7.Bb3 Nbd7 8.f4 
Nc5 9.Qf3 b5 10.f5 e5 11.Nc6 Qc7 12.Nb4 Nxb3 13.axb3 Bb7 1/2-1/2

[Event "XXI C.to Italiano UISP A"]
[Site "Palermo ITA"]
[Date "2000.12.??"]
[Round "1"]
[White "Sarno, Spartaco"]
[Black "Farina, Saverio"]
[Result "1/2-1/2"]
[WhiteElo "2398"]
[BlackElo "2163"]
[PlyCount "146"]
[EventDate "2000.12.06"]

1.c4 e6 2.d4 d5 3.Nc3 c5 4.cxd5 exd5 5.Nf3 Nc6 6.g3 Nf6 7.Bg2 Be7 8.O-O 
O-O 9.dxc5 Bxc5 10.Bg5 Be6 11.Rc1 Be7 12.Nd4 h6 13.Bf4 Qd7 14.Nxe6 fxe6 
15.e4 d4 16.e5 dxc3 17.exf6 Qxd1 18.Rfxd1 Bxf6 19.bxc3 Rad8 20.Be3 Kf7 21.
Rb1 Rxd1+ 22.Rxd1 Re8 23.c4 Re7 24.Bxc6 bxc6 25.Rd3 Rc7 26.Ra3 c5 27.Kf1 
Bd4 28.Bxd4 cxd4 29.Ke2 Rxc4 30.Kd3 Rc7 31.Kxd4 Kf6 32.Rf3+ Ke7 33.Rc3 
Rd7+ 34.Ke3 Kf6 35.Ra3 g6 36.h4 h5 37.f3 Rb7 38.Ra4 Rc7 39.Ke4 Rb7 40.g4 
hxg4 41.fxg4 Rc7 42.Rb4 Rd7 43.Rb5 Rc7 44.g5+ Ke7 45.Rb4 Kd6 46.Rd4+ Ke7 
47.Ra4 Kd6 48.Ra6+ Ke7 49.Kd4 Rd7+ 50.Ke5 Rd5+ 51.Ke4 Rd7 52.Ra4 Rc7 53.
Kf4 Kd6 54.Rd4+ Ke7 55.Kg4 Rc2 56.Ra4 Rc7 57.h5 gxh5+ 58.Kxh5 e5 59.Kh6 
Kf8 60.Kg6 Rf7 61.a3 Kg8 62.Re4 Rc7 63.Rxe5 Rc6+ 64.Kf5 Ra6 65.Re6 Rxa3 
66.Kg6 Kf8 67.Rf6+ Ke7 68.Kg7 a5 69.g6 a4 70.Ra6 Ra1 71.Ra7+ Kd6 72.Kf8 
Kc5 73.g7 Rf1+ 1/2-1/2

[Event "XXI C.to Italiano UISP A"]
[Site "Palermo ITA"]
[Date "2000.12.??"]
[Round "1"]
[White "Sedina, Elena"]
[Black "Valguarnera, Girolamo"]
[Result "1-0"]
[WhiteElo "2405"]
[BlackElo "2133"]
[PlyCount "51"]
[EventDate "2000.12.06"]

1.e4 c6 2.d4 d6 3.Nc3 Nf6 4.f4 g6 5.Nf3 Bg7 6.Bd3 O-O 7.O-O a5 8.e5 dxe5 
9.fxe5 Nd5 10.a3 a4 11.Qe1 Qd7 12.Ne4 b6 13.Neg5 Nc7 14.Nxh7 Re8 15.Nhg5 
Qg4 16.h3 Qh5 17.Nxf7 Ne6 18.Nh4 g5 19.Bxg5 Nf8 20.Be2 Qh7 21.Qg3 Ba6 22.
c4 Ne6 23.Bd3 Qh5 24.Nh6+ Bxh6 25.Bxh6+ Kh8 26.Ng6+ 1-0

[Event "XXI C.to Italiano UISP A"]
[Site "Palermo ITA"]
[Date "2000.12.??"]
[Round "1"]
[White "Tirrito, Luca"]
[Black "Mazzilli, Piero"]
[Result "0-1"]
[WhiteElo "1699"]
[BlackElo "2192"]
[PlyCount "100"]
[EventDate "2000.12.06"]

1.e4 c5 2.c4 Nc6 3.f4 g6 4.Nc3 Bg7 5.Nf3 e6 6.Be2 Nge7 7.d3 O-O 8.O-O a6 
9.Be3 d6 10.g4 Nd4 11.Bxd4 cxd4 12.Nb1 f5 13.exf5 gxf5 14.g5 Ng6 15.Ne1 e5
16.Ng2 Nxf4 17.Nxf4 exf4 18.h4 h6 19.Bf3 hxg5 20.Bd5+ Kh7 21.Qh5+ Bh6 22.
hxg5 Qxg5+ 23.Qxg5 Bxg5 24.Nd2 Bd7 25.Nb3 f3 26.Rxf3 Be3+ 27.Kh2 Bc6 28.
Rh3+ Kg6 29.Rh4 Bxd5 30.cxd5 Kg5 31.Rh3 Rac8 32.Na5 Rc2+ 33.Kh1 Rxb2 34.
Nc4 Re2 35.Nxd6 Kg4 36.Rh7 Rd8 37.Rg7+ Kf4 38.Rf1+ Rf2 39.Rxf2+ Bxf2 40.
Rg6 Kf3 41.Nxf5 Rxd5 42.Rf6 Ke2 43.Nd6 Rxd6 44.Rxd6 Kxd3 45.Kg2 Ke2 46.Rb6
d3 47.Rxb7 d2 48.Rb1 Kd3 49.Rb3+ Ke2 50.Rb2 Ke1 0-1

[Event "XXI C.to Italiano UISP A"]
[Site "Palermo ITA"]
[Date "2000.12.??"]
[Round "2"]
[White "Bellipanni, Piero"]
[Black "Tirrito, Luca"]
[Result "1-0"]
[WhiteElo "2166"]
[BlackElo "1699"]
[PlyCount "113"]
[EventDate "2000.12.06"]

1.d4 Nf6 2.c4 e6 3.Nf3 b6 4.Bg5 h6 5.Bxf6 Qxf6 6.Nc3 Bb4 7.e4 Bb7 8.Bd3 c5
9.O-O Bxc3 10.bxc3 d6 11.Re1 e5 12.d5 O-O 13.a4 Nd7 14.a5 bxa5 15.Qa4 Nb6 
16.Qxa5 Rfb8 17.Reb1 Qe7 18.Rb5 Qc7 19.Nd2 Bc8 20.Qa2 a6 21.Ra5 Nd7 22.Nb3
Rb6 23.Ra3 Rab8 24.Qc2 R8b7 25.Qd1 Ra7 26.Na5 Bb7 27.Bc2 Nb8 28.R3a2 Bc8 
29.Ba4 Bd7 30.h3 Bxa4 31.Qxa4 Qd7 32.Qc2 Qc7 33.Kh2 Kf8 34.Qe2 Nd7 35.Rf1 
Ra8 36.Nc6 Nb8 37.Na5 Nd7 38.g3 Kg8 39.Rfa1 Kf8 40.Kg2 Nb8 41.Rb2 Nd7 42.
Rba2 Kg8 43.h4 Nb8 44.h5 Qd8 45.f4 Qe8 46.Qg4 exf4 47.Qxf4 Nd7 48.Nc6 Ne5 
49.Nxe5 dxe5 50.Qe3 Qe7 51.Ra5 Rb2+ 52.Kh3 Qd7+ 53.g4 Qe7 54.Rxc5 Qa7 55.
Rc8+ Kh7 56.Qxa7 Rxa7 57.c5 1-0

[Event "XXI C.to Italiano UISP A"]
[Site "Palermo ITA"]
[Date "2000.12.??"]
[Round "2"]
[White "Chilingirova, Pavlina"]
[Black "Bottini, Paolo"]
[Result "1-0"]
[WhiteElo "2269"]
[BlackElo "1911"]
[PlyCount "101"]
[EventDate "2000.12.06"]

1.c4 e6 2.Nf3 d5 3.d4 Nf6 4.Nc3 Be7 5.Bg5 O-O 6.e3 h6 7.Bh4 b6 8.Bd3 Bb7 
9.O-O Nbd7 10.Qe2 c5 11.Rfd1 Ne4 12.Bxe7 Nxc3 13.bxc3 Qxe7 14.cxd5 cxd4 
15.dxe6 Qxe6 16.cxd4 Nf6 17.Rdc1 Rfe8 18.Ne5 Qd5 19.f3 Qd6 20.Bb5 Re7 21.
Bc6 Rd8 22.Bxb7 Rxb7 23.Rc6 Qa3 24.Rac1 Nd5 25.Nd3 Re7 26.e4 Kh7 27.Qd2 
Nf6 28.d5 Ne8 29.R6c3 Qa5 30.Qb2 b5 31.Qb4 Qb6+ 32.Qc5 Qb7 33.Nb4 Rc7 34.
Qd4 Rdc8 35.Rxc7 Rxc7 36.Rxc7 Qxc7 37.Nc6 a6 38.e5 Qd7 39.Qe4+ Kg8 40.d6 
g6 41.Ne7+ Kf8 42.Qe3 Nxd6 43.Nxg6+ Kg7 44.exd6 fxg6 45.Qc5 Kf7 46.f4 Qf5 
47.Qc7+ Ke6 48.Qe7+ Kd5 49.d7 Qb1+ 50.Kf2 Qb2+ 51.Kf3 1-0

[Event "XXI C.to Italiano UISP A"]
[Site "Palermo ITA"]
[Date "2000.12.??"]
[Round "2"]
[White "Efimov, Igor"]
[Black "Livecchi, Dario"]
[Result "1-0"]
[WhiteElo "2520"]
[BlackElo "2200"]
[PlyCount "73"]
[EventDate "2000.12.06"]

1.d4 Nf6 2.c4 g6 3.Nc3 Bg7 4.e4 d6 5.Nge2 O-O 6.Ng3 e5 7.d5 Na6 8.Be2 c6 
9.O-O h5 10.Bg5 Qd7 11.Qd2 Nh7 12.Be3 h4 13.Nh1 f5 14.exf5 gxf5 15.f4 e4 
16.Nf2 Qe7 17.Kh1 c5 18.Rg1 Bd7 19.g4 hxg3 20.hxg3 Rf6 21.Kg2 Rh6 22.Rh1 
Nf6 23.a3 Kf7 24.Nh3 Nh7 25.Nd1 Rg8 26.Ndf2 Kf8 27.Ng5 Nxg5 28.fxg5 Rhh8 
29.Nh3 Be5 30.Nf4 Ke8 31.Bh5+ Kd8 32.Ng6 Rxg6 33.Bxg6 Rxh1 34.Rxh1 Qg7 35.
Rh6 Bxb2 36.Bh5 Bxa3 37.Qa5+ 1-0

[Event "XXI C.to Italiano UISP A"]
[Site "Palermo ITA"]
[Date "2000.12.??"]
[Round "2"]
[White "Farina, Saverio"]
[Black "Genovese, Maurizio"]
[Result "1/2-1/2"]
[WhiteElo "2163"]
[BlackElo "2285"]
[PlyCount "44"]
[EventDate "2000.12.06"]

1.d4 e6 2.e4 d5 3.exd5 exd5 4.c4 Nf6 5.Nc3 c6 6.Nf3 Be7 7.cxd5 Nxd5 8.Bc4 
Be6 9.Qb3 Qb6 10.Nxd5 Qxb3 11.Bxb3 Bxd5 12.Bxd5 cxd5 13.Bf4 Nc6 14.Rc1 f6 
15.Kd2 Kd7 16.a3 Rac8 17.Kd3 Na5 18.Nd2 b5 19.h3 Nc4 20.Rc2 Nxd2 21.Rxc8 
Rxc8 22.Bxd2 Bd6 1/2-1/2

[Event "XXI C.to Italiano UISP A"]
[Site "Palermo ITA"]
[Date "2000.12.??"]
[Round "2"]
[White "Ganci, Davide"]
[Black "Piscopo, Pierluigi"]
[Result "0-1"]
[WhiteElo "1558"]
[BlackElo "2134"]
[PlyCount "50"]
[EventDate "2000.12.06"]

1.c4 g6 2.Nc3 Bg7 3.e4 c5 4.d3 Nc6 5.Be3 d6 6.Qd2 a6 7.g3 Nd4 8.Bg2 Nf6 9.
h3 O-O 10.Nge2 e5 11.O-O Bxh3 12.Bg5 Nxe2+ 13.Qxe2 Bxg2 14.Kxg2 h6 15.Bxf6
Bxf6 16.Rh1 Bg7 17.Qe3 f5 18.Nd5 f4 19.Qf3 h5 20.a3 Rf7 21.Rag1 Qg5 22.Kf1
fxg3 23.Qxg3 Qd2 24.Rh2 Raf8 25.Qh4 Qxd3+ 0-1

[Event "XXI C.to Italiano UISP A"]
[Site "Palermo ITA"]
[Date "2000.12.??"]
[Round "2"]
[White "Gardon, Ermanno"]
[Black "Insabato, Giovanbattista"]
[Result "1/2-1/2"]
[WhiteElo "2101"]
[BlackElo "1996"]
[PlyCount "101"]
[EventDate "2000.12.06"]

1.e4 Nc6 2.Nf3 d6 3.d4 Nf6 4.Nc3 Bg4 5.Be2 e5 6.d5 Ne7 7.Bg5 Bxf3 8.Bxf3 
Ng6 9.h4 h6 10.Be3 h5 11.Bg5 Be7 12.g3 Nd7 13.Bxe7 Qxe7 14.Bxh5 O-O-O 15.
Qf3 Kb8 16.Bg4 Qe8 17.O-O-O Nc5 18.Qe3 Ne7 19.Bh3 g6 20.f3 Qf8 21.Kb1 Qg7 
22.b4 Nd7 23.Nb5 Nb6 24.a4 a6 25.a5 Nbc8 26.Nc3 Na7 27.Ka2 f5 28.Bg2 f4 
29.gxf4 exf4 30.Qd4 Qxd4 31.Rxd4 Rh5 32.Ne2 Rf8 33.Rdd1 c5 34.bxc5 dxc5 
35.c4 Nac8 36.d6 Nc6 37.Rd5 Nb4+ 38.Kb3 Nxd5 39.cxd5 Nxd6 40.Nc1 Kc7 41.
Kc3 g5 42.Nd3 Rxh4 43.Rg1 Nxe4+ 44.fxe4 f3 45.Nxc5 Kd6 46.Nxb7+ Ke5 47.d6 
Rh7 48.Nc5 Kxd6 49.Kd4 fxg2 50.Rxg2 Rg7 51.e5+ 1/2-1/2

[Event "XXI C.to Italiano UISP A"]
[Site "Palermo ITA"]
[Date "2000.12.??"]
[Round "2"]
[White "Lucaroni, Massimiliano"]
[Black "Adinolfi, Vincenzo"]
[Result "1-0"]
[WhiteElo "2288"]
[BlackElo "2132"]
[PlyCount "55"]
[EventDate "2000.12.06"]

1.e4 c5 2.Nc3 Nc6 3.Nf3 g6 4.d4 cxd4 5.Nxd4 Bg7 6.Nb3 d6 7.Be2 Nf6 8.O-O 
O-O 9.Re1 Bd7 10.Bf1 Rc8 11.Bg5 h6 12.Bh4 g5 13.Bg3 Na5 14.e5 dxe5 15.Bxe5
Nc4 16.Bxc4 Rxc4 17.Bxf6 Bxf6 18.Qd3 Qc8 19.Nd5 Bf5 20.Qf3 Bxc2 21.Na5 Ra4
22.Nxb7 Kg7 23.Nxe7 Qb8 24.Rac1 Bh7 25.Nd5 Bxb2 26.Nc5 Ra3 27.Re3 Bxc1 28.
Qf6+ 1-0

[Event "XXI C.to Italiano UISP A"]
[Site "Palermo ITA"]
[Date "2000.12.??"]
[Round "2"]
[White "Mazzilli, Piero"]
[Black "Sedina, Elena"]
[Result "1/2-1/2"]
[WhiteElo "2192"]
[BlackElo "2405"]
[PlyCount "51"]
[EventDate "2000.12.06"]

1.e4 e6 2.Nf3 d5 3.Nc3 d4 4.Ne2 c5 5.d3 Nc6 6.g3 Nf6 7.Bg2 Be7 8.O-O e5 9.
Nd2 O-O 10.f4 exf4 11.gxf4 Ng4 12.Nf3 f5 13.Ng3 Kh8 14.Nxf5 Bxf5 15.exf5 
Nh6 16.Ne5 Qc7 17.Be4 Nxf5 18.Qh5 Nxe5 19.fxe5 g6 20.Qh3 Qxe5 21.Bf4 Qg7 
22.Bxb7 Rae8 23.Bc6 Rc8 24.Bb7 Rce8 25.Bc6 Rc8 26.Bb7 1/2-1/2

[Event "XXI C.to Italiano UISP A"]
[Site "Palermo ITA"]
[Date "2000.12.??"]
[Round "2"]
[White "Ottavi, Marco"]
[Black "Fabiano, Giuseppe"]
[Result "0-1"]
[WhiteElo "2050"]
[BlackElo "2300"]
[PlyCount "100"]
[EventDate "2000.12.06"]

1.e4 c5 2.Nf3 d6 3.d4 cxd4 4.Nxd4 Nf6 5.Nc3 a6 6.Bc4 e6 7.Bb3 Nbd7 8.Bg5 
Nc5 9.Qe2 Be7 10.O-O-O Nfxe4 11.Bxe7 Nxc3 12.Qg4 Qxe7 13.Qxg7 Qf8 14.Qxf8+
Kxf8 15.bxc3 Rg8 16.g3 e5 17.Ne2 Bg4 18.Rhe1 Ne4 19.Rd3 Nxf2 20.Rxd6 Ne4 
21.Rb6 Nc5 22.Bd5 Rd8 23.c4 Rg6 24.Rxg6 hxg6 25.Nc3 Re8 26.Ne4 Nxe4 27.
Bxe4 Re7 28.Re3 Be6 29.Bd5 Bxd5 30.cxd5 f6 31.c4 Rc7 32.Rc3 Rc5 33.Kc2 Ke7
34.a4 Kd6 35.g4 f5 36.gxf5 gxf5 37.h4 e4 38.Kd2 f4 39.h5 Ke5 40.h6 f3 41.
h7 Rc8 42.Rc1 Kd4 43.Rh1 e3+ 44.Ke1 Rh8 45.d6 Kd3 46.d7 f2+ 47.Kf1 Kd2 48.
a5 Rf8 49.h8=Q e2+ 50.Kg2 f1=Q+ 0-1

[Event "XXI C.to Italiano UISP A"]
[Site "Palermo ITA"]
[Date "2000.12.??"]
[Round "2"]
[White "Pompa, Alessandro"]
[Black "Campanile, Antonio"]
[Result "0-1"]
[WhiteElo "2094"]
[BlackElo "2154"]
[PlyCount "146"]
[EventDate "2000.12.06"]

1.d4 f5 2.g3 Nf6 3.Bg2 d6 4.Nf3 g6 5.O-O Bg7 6.c4 O-O 7.Nc3 Qe8 8.Re1 c6 
9.e4 fxe4 10.Ng5 Na6 11.Ngxe4 Nxe4 12.Nxe4 Qf7 13.d5 cxd5 14.cxd5 Nc5 15.
f4 Nxe4 16.Bxe4 Qf6 17.Rb1 Bh3 18.Be3 b6 19.Qa4 Rfc8 20.Red1 Qf7 21.Bd4 
Bxd4+ 22.Rxd4 Rc7 23.Rc4 Rxc4 24.Qxc4 Rc8 25.Qa4 Qf6 26.Kf2 Kf7 27.Ke3 Rc7
28.Qb4 Bf5 29.h4 b5 30.Bxf5 Qxf5 31.Rd1 Rc4 32.Qa5 Qe4+ 33.Kf2 Rc2+ 34.Rd2
Rxd2+ 35.Qxd2 Kf6 36.g4 h5 37.Qc3+ Kf7 38.Kg3 hxg4 39.Kxg4 Qxd5 40.Qh8 
Qf5+ 41.Kg3 Qf6 42.Qa8 Qxb2 43.Qxa7 Qc3+ 44.Kg4 Qc2 45.Kg3 Qc5 46.Qa8 b4 
47.Kg4 d5 48.Kf3 Qc3+ 49.Kg4 Qd3 50.Qa4 Qe2+ 51.Kg3 Qe3+ 52.Kg4 Qe4 53.Kg3
Qc4 54.Kg4 d4 55.h5 Qe2+ 56.Kg3 gxh5 57.Qxb4 Qg4+ 58.Kh2 Qxf4+ 59.Kg2 Qg4+
60.Kf2 h4 61.a4 h3 62.Qc4+ e6 63.Qc7+ Kg6 64.Qd6 Qg2+ 65.Ke1 Qe4+ 66.Kd2 
Qe3+ 67.Kc2 d3+ 68.Kc3 Kf5 69.Qf8+ Kg4 70.Qg8+ Kf3 71.Qf7+ Ke2 72.a5 d2+ 
73.Kb4 d1=Q 0-1

[Event "XXI C.to Italiano UISP A"]
[Site "Palermo ITA"]
[Date "2000.12.??"]
[Round "2"]
[White "Salami, Marco"]
[Black "Lazic, Miroljub"]
[Result "0-1"]
[WhiteElo "2207"]
[BlackElo "2488"]
[PlyCount "128"]
[EventDate "2000.12.06"]

1.Nf3 d5 2.g3 g6 3.Bg2 Bg7 4.O-O e5 5.d3 Ne7 6.Nbd2 h6 7.e4 Be6 8.Qe2 Nbc6
9.c3 O-O 10.Nb3 Qc8 11.d4 exd4 12.Nbxd4 Nxd4 13.Nxd4 Bh3 14.exd5 Bxg2 15.
Kxg2 Nxd5 16.Qf3 c6 17.Bd2 Bxd4 18.cxd4 h5 19.Rfe1 Qg4 20.Re4 Qxf3+ 21.
Kxf3 Rfd8 22.Rae1 f6 23.h3 Kf7 24.Bc3 a5 25.a3 a4 26.R1e2 Rd7 27.Re1 Re7 
28.Rxe7+ Nxe7 29.Ke4 Nd5 30.Kd3 h4 31.Re4 hxg3 32.fxg3 Rh8 33.h4 f5 34.Re1
f4 35.Rf1 Ke6 36.Be1 Kf5 37.Bd2 Kg4 38.Bxf4 Rf8 39.Rg1 Rf5 40.Ke4 Nf6+ 41.
Kd3 Rb5 42.Kc2 Nh5 43.Be5 Rb3 44.Rf1 Rf3 45.Re1 Nxg3 46.Bxg3 Rxg3 47.Re4+ 
Kf5 48.Re7 Rg4 49.Kc3 Rxh4 50.Rxb7 g5 51.Rf7+ Ke4 52.Re7+ Kf3 53.Re6 g4 
54.Rf6+ Ke4 55.Rxc6 Kf5 56.Rc8 g3 57.Rf8+ Ke4 58.Rg8 Kf3 59.d5 g2 60.d6 
Rh8 61.Rxh8 g1=Q 62.Rf8+ Ke4 63.Re8+ Kf5 64.Rb8 Qc5+ 0-1

[Event "XXI C.to Italiano UISP A"]
[Site "Palermo ITA"]
[Date "2000.12.??"]
[Round "2"]
[White "Sarno, Spartaco"]
[Black "Aleksic, Nenad"]
[Result "1/2-1/2"]
[WhiteElo "2398"]
[BlackElo "2407"]
[PlyCount "25"]
[EventDate "2000.12.06"]

1.e4 d6 2.d4 Nf6 3.Nc3 g6 4.Nf3 Bg7 5.Bf4 O-O 6.Qd2 c6 7.Bh6 b5 8.Bxg7 
Kxg7 9.Bd3 Bg4 10.Qe3 Bxf3 11.Qxf3 Nbd7 12.O-O e5 13.dxe5 1/2-1/2

[Event "XXI C.to Italiano UISP A"]
[Site "Palermo ITA"]
[Date "2000.12.??"]
[Round "2"]
[White "Scacco, Mauro"]
[Black "Ristic, Nenad"]
[Result "0-1"]
[WhiteElo "2043"]
[BlackElo "2429"]
[PlyCount "80"]
[EventDate "2000.12.06"]

1.e4 c5 2.Nf3 d6 3.Bb5+ Bd7 4.Bxd7+ Qxd7 5.O-O Nf6 6.Re1 Nc6 7.c3 e6 8.Na3
Be7 9.Nc2 O-O 10.d4 cxd4 11.Ncxd4 Rfd8 12.Bg5 a6 13.Qe2 h6 14.Bh4 d5 15.e5
Ne4 16.Bxe7 Qxe7 17.Qe3 Qc7 18.g4 Na5 19.Qf4 Qe7 20.h4 Rac8 21.g5 h5 22.
Rxe4 dxe4 23.Nd2 Nc4 24.Nxe4 Nxb2 25.Nf6+ Kf8 26.g6 Nd3 27.Qg5 fxg6 28.
Nh7+ Kf7 29.Qg3 Nc5 30.Kh2 Qe8 31.Rg1 Kg8 32.Ng5 Rd5 33.f4 b5 34.Qf3 Rcd8 
35.a3 Qd7 36.Ne4 Nxe4 37.Qxe4 Qe7 38.Rg5 Rc8 39.Qxg6 Rxc3 40.Nxe6 Rd2+ 0-1

[Event "XXI C.to Italiano UISP A"]
[Site "Palermo ITA"]
[Date "2000.12.??"]
[Round "2"]
[White "Terreni, Fabio"]
[Black "Galioto, Giovanni"]
[Result "1-0"]
[WhiteElo "1903"]
[BlackElo "2159"]
[PlyCount "63"]
[EventDate "2000.12.06"]

1.e4 Nc6 2.d4 d5 3.exd5 Qxd5 4.c3 e5 5.Qe2 Bf5 6.Qb5 Qe4+ 7.Be2 exd4 8.Nd2
Qe6 9.cxd4 O-O-O 10.Ngf3 Rxd4 11.Ng5 Qd7 12.a3 Bb4 13.axb4 Rd5 14.Qa4 Nd4 
15.Qxd7+ Rxd7 16.Ra5 Nh6 17.Ngf3 Nc6 18.Ra3 Nxb4 19.O-O Re8 20.Bc4 Kb8 21.
Rb3 a5 22.Ra3 b6 23.Nb3 Nc2 24.Ra4 c6 25.Bxh6 gxh6 26.Rc1 b5 27.Bxb5 cxb5 
28.Rxa5 Rb7 29.Nbd4 Nxd4 30.Nxd4 Bd3 31.Nc6+ Kc7 32.Nb4+ 1-0